| 000 | 01108nam a2200313 i 4500 | ||
|---|---|---|---|
| 005 | 20220317000211.0 | ||
| 007 | ta | ||
| 008 | 190320s2012 ck gr 000 j spa d | ||
| 020 | _a9789584503138 | ||
| 040 |
_aCO-BoRNBP _bspa _erda _cCO-BoRNBP |
||
| 041 | 0 | _aspa | |
| 043 | _as-ck--- | ||
| 084 | _aC CUE106 | ||
| 100 | 1 |
_aTwain, Mark, _d1835-1910, _eautor |
|
| 245 | 1 | 0 |
_aCuentos de la calle : antología del cuento colombiano contemporáneo _cselección y ensayo de Francisco Soler, editora Cristina Puerta Duviau |
| 250 | _aPrimera edición | ||
| 264 | 1 |
_aBogotá _bNorma _c2012 |
|
| 300 |
_a73, 83 (Paginación variada) _c23 cm |
||
| 336 |
_atexto _btxt _2rdacontent |
||
| 337 |
_asin mediación _bn _2rdamedia |
||
| 338 |
_avolumen _bnc _2rdacarrier |
||
| 650 | 1 | 7 |
_aCuentos colombianos _ySiglo XIX _2ARMARC |
| 650 | 1 | 7 |
_aLiteratura colombiana _ySiglo XIX _2ARMARC |
| 650 | 1 | 7 |
_aCiudades y pueblos _vCuentos _2ARMARC |
| 700 | 1 |
_aFuenmayor, José Félix, _d1885-1966 _98955 |
|
| 700 | 1 |
_aSoler, Francisco, _ecompilador _9141866 |
|
| 700 | 1 |
_aPuerta Duviau, Cristina, _eeditora _915644 |
|
| 942 |
_2loc _cBKLIT |
||
| 999 |
_c3381 _d3381 |
||